00535nam a2200157 a 4500008004100000020001500041050001700056100002300073245015200096250001200248260002800260300002000288350000900308650003800317700002200355090422s2003 ||||||||||||||||| || u a0750675993 aTL 272.5 Rib aRibbens, William B10aUnderstanding automotive electronics.-- 6th ed.cby William B. Ribbens; with contributions to previous editions by Norman P. Mansour...[and others] a6th ed. aAmsterdambNewnesc2003 aix, 470p.: ill. a0.00 aAUTOMOBILES--ELECTRONIC EQUIPMENT aMansour, Norman P